Gleicheniaceae from the Quindío Department, Colombia (Registro n. 339491)
[ somente texto ]
| 000 -LÍDER | |
|---|---|
| fixed length control field | 03690nab a2200253 i 4500 |
| 003 - CÓDIGO MARC DA AGÊNCIA CATALOGADORA | |
| Campo de controle | BR-BrBNA |
| 005 - DATA E HORA DA ÚLTIMA ATUALIZAÇÃO | |
| Campo de controle | 20251218115233.0 |
| 008 - CAMPO DE TAMANHO FIXO | |
| fixed length control field | 251218b2024 bl.ar|pooa||| 00| 0 eng | |
| 040 ## - FONTE DA CATALOGAÇÃO | |
| Agência catalogadora | BR-BrBNA |
| Idioma da catalogação | eng |
| 072 ## - CATEGORIA AGRIS | |
| Código AGRIS | F70 |
| 100 ## - ENTRADA PRINCIPAL - NOME PESSOAL | |
| Nome pessoal | Matute, Francia Yameli Beltrán |
| 100 ## - ENTRADA PRINCIPAL - NOME PESSOAL | |
| Nome pessoal | Salino, Alexandre |
| 100 ## - ENTRADA PRINCIPAL - NOME PESSOAL | |
| Nome pessoal | Lima, Lucas Vieira |
| 245 ## - TÍTULO PRINCIPAL | |
| Título principal | Gleicheniaceae from the Quindío Department, Colombia |
| 500 ## - NOTA GERAL | |
| Nota geral | Publicação on-line; 26 ref.; 5 illus.; Summaries (En, Es) |
| 942 ## - ADDED ENTRY ELEMENTS (KOHA) | |
| Koha item type | Analítica |
| 520 ## - NOTA DE RESUMO | |
| Nota de conteúdo | <br/><br/>Abstract<br/><br/>Colombia is a tropical country with a rich fern flora. The Quindío Department is in an area which is undergoing<br/>significant environmental changes due to anthropogenic activities, such as coffee cultivation. Gleicheniaceae,<br/>a family of pioneer ferns, is known for preferentially occupying open, sunny, and disturbed habitats, such as<br/>roadsides. Our study aimed to conduct a taxonomic treatment of the Gleicheniaceae species in the Quindío<br/>Department in Colombia. Our results revealed the presence of 10 species distributed in four genera, with the<br/>Sticherus genus accounting for most of the species (seven in total). Notably, a new record of Sticherus (S.<br/>brevitomentosus) was found for Colombia, indicating the potential for the discovery of additional species in<br/>future studies. Furthermore, our results demonstrated that 42% of the 24 species reported in the Andean region<br/>were present in the Quindío Department, and Calarcá and Salento were the municipalities with the highest<br/>diversity. We have provided taxonomic descriptions for the genera and species, as well as an identification<br/>key, maps, images, and comments on the taxonomy and distribution of the species.<br/><br/>Key words: ferns, flora, Gleichenialles, taxonomic treatment.<br/><br/><br/><br/><br/>Resumen<br/><br/>Colombia es un país tropical con una rica flora de helechos. El Departamento de Quindío está ubicado en<br/>una zona que sufre una importante alteración ambiental debido a actividades antropogénicas como el cultivo<br/>de café. Las Gleicheniaceae, una familia de helechos pioneros, son conocidas por ocupar preferentemente<br/>hábitats abiertos, soleados y perturbados, como los bordes de las carreteras. Nuestro estudio tuvo como<br/>objetivo realizar un tratamiento taxonómico de las especies de Gleicheniaceae en el Departamento de Quindío,<br/>Colombia. Nuestros resultados revelaron la presencia de 10 especies distribuidas en cuatro géneros, siendo<br/>el género Sticherus el que cuenta con la mayoría de las especies (siete en total). Notablemente, se encontró<br/>un nuevo registro de Sticherus (S. brevitomentosus) para Colombia, lo que sugiere la posible descubierta<br/>de especies adicionales en futuros estudios. Además, nuestros resultados demostraron que el 42% de las 24<br/>especies reportadas en la región Andina estaban presentes en el Departamento de Quindío, siendo Calarcá y<br/>Salento los municipios con la mayor diversidad. Hemos proporcionado descripciones taxonómicas tanto para<br/>los géneros como para las especies, así como una clave de identificación, mapas, imágenes y comentarios<br/>sobre la taxonomía y distribución de las especies.Palabras clave: helechos, flora, Gleicheniales, tratamiento<br/>taxonómico.<br/><br/>Palabras clave: helechos, flora, Gleichenialles, tratamiento taxonómico. |
| 650 ## - ASSUNTO - THESAGRO | |
| Cabeçalho tópico ou nome geográfico | TAXONOMIA |
| 650 ## - ASSUNTO - THESAGRO | |
| Cabeçalho tópico ou nome geográfico | FLORA |
| 650 ## - ASSUNTO - THESAGRO | |
| Cabeçalho tópico ou nome geográfico | COLÔMBIA |
| 773 0# - ENTRADA ANALÍTICA | |
| Host Biblionumber | 709 |
| Registro do item | 359346 |
| Imprenta | Rio de Janeiro-RJ Jardim Botanico do Rio de Janeiro 1935 |
| Outro identificador | 2025-7320 |
| Título | Rodriguésia (Brazil) |
| ISSN | 0370-6583; 2175-7860 on-line |
| Colação | v. 75 p. 1-15; (2024) |
| Número de controle de registro | BR2025004496 |
| 856 ## - ACESSO E ENDEREÇO ELETRÔNICO | |
| Identificador uniforme de recurso - URI | https://www.scielo.br/j/rod/a/jXk58jpB9936m6XNw7Lbk8w/?format=pdf&lang=en |
Nenhum exemplar disponível.

BINAGRI